000 01158cas a2200373 a 4500
001 data
005 20260322212110.0
008 data
010 _a 94833925
029 1 _aAU@
_b000025646931
035 _a(OCoLC)33181672
040 _aDLC
_beng
_cDLC
_dOCLCL
_dOCLCO
_dOCLCF
_dOCLCQ
_dOCLCL
042 _apcc
050 0 0 _aBR7
_b.C33
082 0 0 _a230/.05
_221
_1https://id.oclc.org/worldcat/ddc/E49rDxWtC3qRjTth34QdpttJxK
245 0 0 _aCaderno especial Rumos :
_bCER.
246 3 0 _aCER
260 _aBrasília, DF :
_bSER, Editora Rumos
300 _avolumes ;
_c21 cm
336 _atext
_btxt
_2rdacontent
337 _aunmediated
_bn
_2rdamedia
338 _avolume
_bnc
_2rdacarrier
588 _aDescription based on: No. 2, published in 1992.
588 _aLatest issue consulted: No. 20, published in 1993.
650 0 _aTheology.
650 7 _aTheology.
_2fast
_0(OCoLC)fst01149559
906 _a7
_bcbc
_cserials
_du
_encip
_f19
_gn-oclcserc
590 _aSERBIB/SERLOC merged record
890 _aCaderno especial Rumos.
_i94-833925
920 _aKeep 1
991 _bc-GenColl
_hBR7
_i.C33
_wSERIALS
992 _bSER
_wSERLOC
999 _c1631
_d1631